| 000 | 00549nam a2200157 i 4500 | ||
|---|---|---|---|
| 001 | 5692 | ||
| 003 | ES-MaACL | ||
| 005 | 20230906144649.0 | ||
| 008 | 210616s1870 sp 00010 spa d | ||
| 110 | 2 |
_aInstituto Internacional Italiano (Turín) _9172306 |
|
| 245 | 1 | 0 | _aPrograma del Instituto Internacional Italiano en Turin. |
| 260 |
_aMadrid : _b[s.n.], _c1870 ( _fEstab. Tip. de T. Fortanet) |
||
| 300 |
_a16 p. ; _c28 cm. |
||
| 610 | 2 | 4 |
_aInstituto Internacional Italiano (Turín) _9172306 |
| 852 | 4 |
_aES-MaACL _jT-661-F-10 _z- Enc. en un vol. facticio |
|
| 999 |
_c5692 _d5692 |
||